[Event "Ch World (match)"]
[Site "Ch World (match)"]
[Date "1978.??.??"]
[Round "25"]
[White "Korchnoi, Viktor L"]
[Black "Karpov, Anatoly"]
[Result "1/2-1/2"]
[WhiteElo "2665"]
[BlackElo "2725"]
[PlyCount "58"]
[EventDate "1978.??.??"]
[Source "www.chesslib.no"]
[SourceDate "2004.05.04"]

1. c4 Nf6 2. Nc3 e5 3. g3 Bb4 4. Qb3 Nc6 5. Nd5 Bc5 6. e3 O-O 7. Bg2 Nxd5 8. cxd5 Ne7 9. Ne2 d6 10. O-O c6 11. d4 exd4 12. exd4 Bb6 13. Bg5 Bd7 14. a4 h6 15. Bxe7 Qxe7 16. Bf3 Rab8 17. a5 Bc7 18. Qc3 Rfc8 19. Nf4 Bd8 20. Rfe1 Qf8 21. Qb3 Bg5 22. Ne2 Bf6 23. Rad1 c5 24. Kg2 Ba4 25. Nf4 g6 26. Re2 b5 27. Qb4 Kg7 28. Nh5+ Kh7 29. Rg1 Ra8 1/2-1/2

[Event "EuTCh"]
[Site "Plovdiv"]
[Date "2003.10.11"]
[Round "1"]
[White "Papaioannou, Ioannis"]
[Black "Gelfand, Boris"]
[Result "1/2-1/2"]
[WhiteElo "2577"]
[BlackElo "2703"]
[PlyCount "66"]
[EventDate "2003.10.10"]
[Source "Roberto Alvarez"]
[SourceDate "2003.10.20"]

1. c4 e5 2. Nc3 Nf6 3. e3 Bb4 4. Nge2 O-O 5. a3 Be7 6. Ng3 c6 7. d4 exd4 8. exd4 d5 9. c5 Re8 10. Be2 b6 11. b4 bxc5 12. bxc5 Bxc5 13. dxc5 d4 14. O-O dxc3 15. Qxd8 Rxd8 16. Bg5 Ba6 17. Bxf6 gxf6 18. Rac1 Bxe2 19. Nxe2 Na6 20. Rxc3 Rd5 21. Nf4 Rxc5 22. Rxc5 Nxc5 23. Rc1 Re8 24. g4 Re4 25. Rxc5 Rxf4 26. h3 Ra4 27. Rxc6 Kg7 28. Rc3 f5 29. gxf5 Kf6 30. Kg2 h5 31. Rf3 h4 32. Kf1 Re4 33. Rc3 Ra4 1/2-1/2

[Event "Reykjavik (Iceland)"]
[Site "?"]
[Date "2004.03.18"]
[Round "1"]
[White "Karpov Anatoly"]
[Black "Stefansson Hannes"]
[Result "1-0"]
[WhiteElo "2682"]
[BlackElo "2572"]
[PlyCount "42"]
[EventDate "2004.??.??"]
[Source "www.chesslib.no"]
[SourceDate "2004.05.04"]

1. c4 Nf6 2. Nc3 e5 3. g3 Bb4 4. Bg2 O-O 5. d3 c6 6. Qb3 Na6 7. Bd2 Re8 8. a3 Ba5 9. Rc1 Qb6 10. Rc2 Nd5 11. Kd1 Nxc3+ 12. Ke1 d5 13. cxd5 cxd5 14. Nf3 Bg4 15. a4 Bxf3 16. Bxf3 Nc5 17. g4 Kf8 18. g5 Nd7 19. d4 Nxa4 20. Rc1 Nc3 21. e4 Ke7 1-0

[Event "Camp. svizzero a sq. - Mendrisio-Zurigo"]
[Site "Svizzera"]
[Date "2008.09.07"]
[Round "7.1"]
[White "Istratescu, Andrej"]
[Black "Pelletier, Yannick"]
[Result "1/2-1/2"]
[WhiteElo "2625"]
[BlackElo "2625"]
[PlyCount "62"]
[EventDate "2008.03.02"]
[Source "www.chesslib.no"]
[SourceDate "2004.05.04"]

1. c4 Nf6 2. Nc3 e5 3. g3 Bb4 4. Bg2 O-O 5. e4 Bxc3 6. bxc3 c6 7. Qb3 Na6 8. Ba3 Re8 9. Ne2 b6 10. O-O Bb7 11. c5 Nxc5 12. Bxc5 Ba6 13. Bd6 Re6 14. Rfe1 Bxe2 15. Bxe5 Rxe5 16. Rxe2 d5 17. d4 Rxe4 18. Bxe4 dxe4 19. Rf1 Qd6 20. f3 exf3 21. Rxf3 c5 22. d5 Qxd5 23. Qxd5 Nxd5 24. Rd3 Nf6 25. Red2 Re8 26. Rd8 Kf8 27. Kg2 Ke7 28. R8d3 Kf8 29. Kf3 Ne4 30. Rd1 Ng5+ 31. Kf2 Ne4+ 1/2-1/2

[Event "2nd IECC, Ohrid MKD"]
[Site "?"]
[Date "2001.??.??"]
[Round "12"]
[White "Azmaiparashvili, Z."]
[Black "Aseev, K."]
[Result "1-0"]
[WhiteElo "2670"]
[BlackElo "2575"]
[PlyCount "89"]
[EventDate "2001.??.??"]
[Source "www.chesslib.no"]
[SourceDate "2004.05.04"]

1. c4 Nf6 2. Nc3 e5 3. g3 Bb4 4. Bg2 O-O 5. Nf3 Re8 6. O-O c6 7. d3 h6 8. Bd2 Na6 9. e4 d6 10. h3 Nc7 11. a3 Ba5 12. b4 Bb6 13. Na4 Ne6 14. Nxb6 axb6 15. Kh2 Nc7 16. Bc3 Be6 17. Bb2 Nd7 18. Qc2 f6 19. d4 Bf7 20. Rad1 c5 21. d5 b5 22. Nd2 Bh5 23. f3 Qe7 24. h4 Ra6 25. Rf2 Rea8 26. Bf1 bxc4 27. Nxc4 b5 28. Na5 Rxa5 29. bxa5 Rxa5 30. Bc1 c4 31. Qc3 Ra4 32. Be3 Qd8 33. Bh3 Be8 34. Rb2 Qa8 35. Ra1 Qa6 36. Rb4 Nb6 37. Rxa4 Nxa4 38. Qb4 Kf7 39. f4 Ke7 40. fxe5 fxe5 41. Qd2 Nc5 42. Bg5+ hxg5 43. Qxg5+ Kf7 44. Rf1+ Kg8 45. Qe7 1-0

[Event "New York"]
[Site "?"]
[Date "1996.??.??"]
[Round "?"]
[White "Serper, G."]
[Black "Sokolov, I."]
[Result "1-0"]
[WhiteElo "2540"]
[BlackElo "2665"]
[PlyCount "65"]
[EventDate "1996.??.??"]
[Source "ChessBase"]
[SourceDate "1996.06.01"]

1. c4 e5 2. g3 Nf6 3. Bg2 d6 4. Nc3 g6 5. e4 c6 6. Nge2 Bg7 7. d3 a6 8. O-O b5 9. cxb5 axb5 10. b4 O-O 11. a4 Be6 12. Bd2 d5 13. exd5 Nxd5 14. Ne4 Bg4 15. Re1 Nb6 16. a5 Nd5 17. Rc1 f5 18. Qb3 Kh8 19. Nc5 f4 20. Nc3 f3 21. Bf1 Nc7 22. N3e4 Nba6 23. Nxa6 Rxa6 24. Bc3 Qc8 25. Nc5 Bh3 26. Rxe5 Bxf1 27. Re7 Bf6 28. Nd7 Nd5 29. Qxd5 Bxc3 30. Qe4 Bg7 31. Nxf8 Bxd3 32. Re8 Bxe4 33. Nxg6# 1-0

[Event "60th ch-RUS Higher League"]
[Site "Krasnoyarsk RUS"]
[Date "2007.09.13"]
[Round "10"]
[White "Bocharov, D."]
[Black "Amonatov, F."]
[Result "0-1"]
[WhiteElo "2605"]
[BlackElo "2598"]
[PlyCount "106"]
[EventDate "2007.09.03"]
[Source "www.chesslib.no"]
[SourceDate "2004.05.04"]

1. c4 Nf6 2. Nc3 e5 3. g3 Bb4 4. Bg2 O-O 5. e4 Bxc3 6. bxc3 d6 7. Ne2 a6 8. a4 Bd7 9. d3 Bc6 10. O-O Nbd7 11. a5 b5 12. axb6 cxb6 13. Ba3 Qc7 14. h3 Nc5 15. d4 Ncd7 16. dxe5 dxe5 17. Bd6 Qc8 18. Bxf8 Qxf8 19. g4 Nc5 20. Ng3 g6 21. Qe2 Ne6 22. Rfd1 a5 23. Qe3 Nd7 24. Nf5 Ndc5 25. Nd4 Bd7 26. Nf3 f6 27. Ne1 Nf4 28. Bf1 h5 29. gxh5 g5 30. Nc2 Bc6 31. f3 Bd7 32. Qf2 Bxh3 33. Ne3 g4 34. Qg3 Ra7 35. Nf5 Kh8 36. Ra2 gxf3 37. Bxh3 Nxe4 38. Qxf3 Ng5 39. Qg4 Nfxh3+ 40. Kh2 Kh7 41. Rad2 Rf7 42. Rd7 Nf2 43. Qe2 Nxd1 44. Rxd1 Qc8 45. Qd3 e4 46. Qd5 a4 47. Kg3 a3 48. Kf4 a2 49. Ne3 Ra7 50. Nc2 Nh3+ 51. Ke3 Qg4 52. Rf1 Qg3+ 53. Kd2 Qg2+ 0-1

[Event "03.OIBayEM Bad Wiessee op"]
[Site "?"]
[Date "1999.10.25"]
[Round "3"]
[White "Loew Gerald"]
[Black "Yakovich Yuri"]
[Result "0-1"]
[WhiteElo "2592"]
[BlackElo "2585"]
[PlyCount "40"]
[EventDate "1999.??.??"]
[Source "www.chesslib.no"]
[SourceDate "2004.05.04"]

1. c4 e5 2. Nc3 Nf6 3. e3 Bb4 4. Nge2 O-O 5. a3 Be7 6. d4 exd4 7. exd4 Re8 8. g3 d5 9. cxd5 Nxd5 10. Bg2 Be6 11. O-O Nc6 12. Be3 Qd7 13. Qd2 Rad8 14. Rad1 Nxc3 15. Qxc3 Bd5 16. f3 Bf6 17. Rd2 Qe6 18. Kf2 Bc4 19. Re1 Bxe2 20. Rexe2 Nxd4 0-1

[Event "Sevilla op"]
[Site "?"]
[Date "2000.??.??"]
[Round "9"]
[White "Komljenovic Davor"]
[Black "Epishin Vladimir"]
[Result "1-0"]
[WhiteElo "2506"]
[BlackElo "2667"]
[PlyCount "95"]
[EventDate "2000.??.??"]
[Source "www.chesslib.no"]
[SourceDate "2004.05.04"]

1. c4 Nf6 2. Nc3 e5 3. g3 Bb4 4. Bg2 O-O 5. Nf3 Re8 6. O-O Bxc3 7. dxc3 d6 8. Ne1 c6 9. Nc2 Be6 10. Ne3 Qc7 11. b3 Na6 12. Ba3 Rad8 13. Qc1 d5 14. Rd1 Rd7 15. Rd2 Red8 16. cxd5 Nxd5 17. Nf1 b5 18. e4 Nb6 19. Ne3 c5 20. Qc2 c4 21. b4 Nb8 22. Rxd7 Rxd7 23. Rd1 Nc6 24. Bc1 h6 25. h4 Rxd1+ 26. Qxd1 Na4 27. Qd2 Ne7 28. Kf1 Nb6 29. Ke1 Kf8 30. Kd1 Ke8 31. Kc2 Nbc8 32. Kb2 a5 33. bxa5 Qxa5 34. Kb1 Nb6 35. Qd6 Na4 36. Ba3 Nc8 37. Qf8+ Kd7 38. Bb4 Nxc3+ 39. Kc2 Qxa2+ 40. Kxc3 Qb3+ 41. Kd2 Qd3+ 42. Ke1 c3 43. Qc5 Qd2+ 44. Kf1 Qc1+ 45. Ke2 Bg4+ 46. f3 Qd2+ 47. Kf1 Qd3+ 48. Kg1 1-0

[Event "PCA Qualifier g25"]
[Site "?"]
[Date "1996.08.??"]
[Round "10"]
[White "Zvjaginsev Vadim"]
[Black "Hellers Ferdinand"]
[Result "1-0"]
[WhiteElo "2585"]
[BlackElo "2585"]
[PlyCount "107"]
[EventDate "1996.??.??"]
[Source "www.chesslib.no"]
[SourceDate "2004.05.04"]

1. c4 e5 2. Nc3 Nf6 3. Nf3 c5 4. e3 Nc6 5. a3 Be7 6. Qc2 O-O 7. Nd5 d6 8. Be2 Be6 9. Nxe7+ Qxe7 10. O-O e4 11. Ne1 d5 12. f3 exf3 13. Nxf3 dxc4 14. Ng5 h6 15. Nxe6 fxe6 16. Qxc4 Ne5 17. Qh4 Rad8 18. b4 Nd3 19. bxc5 Qxc5 20. a4 Nxc1 21. Raxc1 Qe5 22. Qb4 b6 23. Rcd1 Ne4 24. d4 Qg5 25. Qb3 Kh8 26. Bf3 Nd6 27. e4 e5 28. dxe5 Qxe5 29. Rd5 Qe7 30. Qb4 Nf5 31. Qxe7 Nxe7 32. Rxd8 Rxd8 33. Rc1 Ng6 34. Rc7 a5 35. Be2 Rd4 36. Bb5 Ne5 37. Re7 Ng4 38. g3 Rd2 39. h3 Ne3 40. e5 Rg2+ 41. Kh1 Rxg3 42. Bd7 g5 43. Rf7 Nd5 44. e6 Re3 45. Bc6 Nb4 46. e7 Nxc6 47. Rf8+ Kg7 48. e8=Q Rxe8 49. Rxe8 Nb4 50. Rb8 Nd5 51. Kg2 Nc3 52. Rxb6 Nxa4 53. Rb5 Nc3 54. Rxa5 1-0

[Event "RUS"]
[Site "?"]
[Date "2006.04.26"]
[Round "7"]
[White "Brodsky Michail"]
[Black "Landa Konstantin"]
[Result "0-1"]
[WhiteElo "2561"]
[BlackElo "2600"]
[PlyCount "94"]
[EventDate "2006.??.??"]
[Source "www.chesslib.no"]
[SourceDate "2004.05.04"]

1. c4 e5 2. Nc3 Bb4 3. e3 Nf6 4. Nge2 c6 5. a3 Bxc3 6. Nxc3 d5 7. d4 e4 8. Be2 O-O 9. b3 Re8 10. h3 Nbd7 11. Bb2 Nf8 12. Rc1 h6 13. a4 Ng6 14. h4 Bf5 15. Ba3 Be6 16. g3 Ne7 17. h5 Nf5 18. cxd5 Nxd5 19. Nxd5 Bxd5 20. Bc4 Qg5 21. Bxd5 cxd5 22. Kf1 Rac8 23. Kg2 Rxc1 24. Bxc1 Rc8 25. Bd2 Rc6 26. Bb4 b6 27. Bd2 a5 28. Kh3 Qf6 29. Kg2 Qe6 30. Qb1 Qd7 31. Kh2 Ne7 32. Qd1 Qc8 33. b4 axb4 34. Bxb4 Nf5 35. Qb3 Rc4 36. Rb1 Qd8 37. Be1 Qg5 38. Qd1 Rc6 39. Rb5 Nd6 40. Rb1 Nc4 41. Kh3 g6 42. Qg4 gxh5 43. Qd7 Rd6 44. Qe8+ Kg7 45. Bb4 Qf5+ 46. Kg2 Rf6 47. Be1 h4 0-1

[Event "ch-EU"]
[Site "?"]
[Date "2005.03.31"]
[Round "10"]
[White "Bischoff Klaus"]
[Black "Gyimesi Zoltan"]
[Result "0-1"]
[WhiteElo "2555"]
[BlackElo "2602"]
[PlyCount "72"]
[EventDate "2005.??.??"]
[Source "www.chesslib.no"]
[SourceDate "2004.05.04"]

1. c4 Nf6 2. Nc3 e5 3. e3 Bb4 4. Nge2 O-O 5. a3 Be7 6. b4 c6 7. Bb2 d5 8. cxd5 cxd5 9. d4 e4 10. Qb3 Be6 11. Nf4 Nbd7 12. Na4 Bd6 13. Nxe6 fxe6 14. Be2 Qe7 15. O-O Rf7 16. Nc5 Nf8 17. Rac1 Ng6 18. g3 b6 19. Na4 Raf8 20. Qd1 Nh4 21. Rc2 Ne8 22. Nc3 Qg5 23. Bc1 Qh6 24. f4 exf3 25. Bd3 Qg5 26. e4 Qg4 27. Kh1 Bxg3 28. exd5 Bb8 29. Be4 Nf6 30. dxe6 Qxe6 31. Bd3 Nh5 32. Ne4 Qh3 33. Bc4 Ng2 34. Bxf7+ Rxf7 35. Rc8+ Qxc8 36. Ng5 Qc7 0-1

[Event "Mind Sports Games - Blitz Pair"]
[Site "Pechino CINA"]
[Date "2008.10.08"]
[Round "10"]
[White "Matamoros Franco, C."]
[Black "Socko, B."]
[Result "1-0"]
[WhiteElo "2525"]
[BlackElo "2631"]
[PlyCount "97"]
[EventDate "2008.10.08"]
[Source "www.chesslib.no"]
[SourceDate "2004.05.04"]

1. c4 e5 2. g3 Nf6 3. Bg2 d6 4. Nc3 g6 5. Nf3 c5 6. a3 Nc6 7. Rb1 a5 8. d3 Bg7 9. Bg5 h6 10. Bxf6 Bxf6 11. O-O O-O 12. Nd5 Bg7 13. b4 axb4 14. axb4 b6 15. Nd2 Bd7 16. Ne4 Be6 17. Nec3 Rb8 18. Qa4 Nd4 19. e3 Nf5 20. Ne4 h5 21. Qc6 Kh8 22. bxc5 bxc5 23. Rb7 Rxb7 24. Qxb7 Qa8 25. Rb1 Qa3 26. Qb3 Qxb3 27. Rxb3 Ra8 28. h3 Bxd5 29. cxd5 Ra6 30. Rb8+ Kh7 31. Ng5+ Kh6 32. Nxf7+ Kh7 33. Ng5+ Kh6 34. Ne6 Ra7 35. g4 hxg4 36. hxg4 Nh4 37. Be4 Bf6 38. Kh2 Kh7 39. Kg3 Be7 40. Re8 Bf6 41. g5 Be7 42. Kxh4 c4 43. dxc4 Rb7 44. Kg3 Ra7 45. Nf8+ Kg7 46. Nxg6 Bxg5 47. Re6 Rd7 48. Nh4 Bf6 49. Nf5+ 1-0

[Event "Chess Classic 2009"]
[Site "Queenstown NZL"]
[Date "2009.01.24"]
[Round "10.2"]
[White "Bischoff, Klaus"]
[Black "Mikhalevski, Victor"]
[Result "1/2-1/2"]
[WhiteElo "2545"]
[BlackElo "2608"]
[PlyCount "59"]
[EventDate "2009.01.15"]
[Source "www.chesslib.no"]
[SourceDate "2004.05.04"]

1. c4 Nf6 2. Nc3 d5 3. cxd5 Nxd5 4. g3 e5 5. Bg2 Nb6 6. d3 Be7 7. Be3 O-O 8. Rc1 Kh8 9. a3 f6 10. Nf3 Nc6 11. O-O Re8 12. Ne4 Nd4 13. Bxd4 exd4 14. Qc2 c6 15. Rfe1 f5 16. Nc5 Bf6 17. b4 a5 18. Qb2 axb4 19. axb4 Nd5 20. Nxd4 f4 21. Ncb3 Nxb4 22. Qd2 Na2 23. Rc2 Bxd4 24. Nxd4 Qxd4 25. Rxa2 Rxa2 26. Qxa2 Rf8 27. Qa1 Qd6 28. Qc3 Bg4 29. Be4 Bf5 30. Bxf5 1/2-1/2

[Event "Mind Sports Games - Blitz Pair"]
[Site "Pechino CINA"]
[Date "2008.10.08"]
[Round "7"]
[White "Ghaem Maghami, E."]
[Black "Adianto, U."]
[Result "1-0"]
[WhiteElo "2599"]
[BlackElo "2554"]
[PlyCount "80"]
[EventDate "2008.10.08"]
[Source "www.chesslib.no"]
[SourceDate "2004.05.04"]

1. c4 e5 2. Nc3 Bb4 3. g3 Nf6 4. Bg2 O-O 5. d3 Bxc3+ 6. bxc3 Nc6 7. e4 d6 8. Ne2 a6 9. a4 Nd7 10. O-O Re8 11. f4 exf4 12. gxf4 Nc5 13. Ng3 Nd7 14. a5 Nf6 15. d4 Ng4 16. h3 Qh4 17. Qf3 Nh6 18. f5 Kh8 19. Nh5 Ng8 20. f6 Nxf6 21. Nxf6 Qxf6 22. Qxf6 gxf6 23. Rxf6 Kg7 24. Rf2 Ne7 25. Bg5 Ng8 26. Raf1 Rf8 27. c5 dxc5 28. d5 Bd7 29. c4 b5 30. Be3 f6 31. Bxc5 Rfe8 32. Bd4 bxc4 33. e5 Bb5 34. exf6+ Kf7 35. Bf3 Red8 36. Bh5+ Kf8 37. Bc5+ Rd6 38. Re1 c3 39. Re3 Rad8 40. Rxc3 Nxf6 1-0

[Event "CRO-chT"]
[Site "Rabac"]
[Date "2003.09.12"]
[Round "6"]
[White "Hulak, Krunoslav"]
[Black "Berkes, Ferenc"]
[Result "1/2-1/2"]
[WhiteElo "2557"]
[BlackElo "2590"]
[PlyCount "40"]
[EventDate "2003.09.07"]
[Source "Roberto Alvarez"]
[SourceDate "2003.09.22"]

1. c4 e5 2. e3 Nf6 3. Nc3 Bb4 4. Nge2 O-O 5. a3 Bxc3 6. Nxc3 d5 7. cxd5 Nxd5 8. Qc2 c5 9. Bd3 h6 10. Nxd5 Qxd5 11. Be4 Qd6 12. b4 Na6 13. O-O cxb4 14. Qb1 b3 15. Qxb3 Nc5 16. Qb1 Be6 17. a4 Nxe4 18. Qxe4 Bd5 19. Qf5 Rfd8 20. Bb2 Be6 1/2-1/2

[Event "It (Open) Nova Gorica SLO"]
[Site "?"]
[Date "2006.01.29"]
[Round "5"]
[White "Janev Evgeni"]
[Black "Korneev Oleg"]
[Result "0-1"]
[WhiteElo "2494"]
[BlackElo "2649"]
[PlyCount "84"]
[EventDate "2006.??.??"]
[Source "www.chesslib.no"]
[SourceDate "2004.05.04"]

1. c4 e5 2. Nc3 Nf6 3. d3 Nc6 4. g3 Bc5 5. Bg2 O-O 6. a3 a6 7. e3 d6 8. Nge2 Ba7 9. O-O Re8 10. h3 h6 11. Kh2 Rb8 12. Bd2 Ne7 13. e4 b5 14. b3 c6 15. f4 Ng6 16. f5 Nf8 17. g4 Bb7 18. Ng3 d5 19. Qe2 bxc4 20. bxc4 a5 21. Rad1 Bd4 22. cxd5 cxd5 23. exd5 N8h7 24. Nce4 Bxd5 25. Nxf6+ Nxf6 26. Rb1 Bxg2 27. Qxg2 e4 28. Rxb8 Qxb8 29. Bf4 Be5 30. Bxe5 Rxe5 31. dxe4 Rxe4 32. Rf3 a4 33. Qc2 Re1 34. Kg2 Qb6 35. h4 Nxg4 36. Kh3 Ne5 37. Rc3 Qd4 38. Rc8+ Kh7 39. f6+ g6 40. Qc5 Qg4+ 41. Kh2 Re2+ 42. Nxe2 Nf3+ 0-1

[Event "13th HIT Open A"]
[Site "Nova Gorica SLO"]
[Date "2008.01.29"]
[Round "6"]
[White "Lenic, L."]
[Black "Erdos, V."]
[Result "1/2-1/2"]
[WhiteElo "2568"]
[BlackElo "2575"]
[PlyCount "43"]
[EventDate "2008.01.26"]
[Source "www.chesslib.no"]
[SourceDate "2004.05.04"]

1. c4 Nf6 2. Nc3 e5 3. g3 Bb4 4. Bg2 O-O 5. e4 Bxc3 6. dxc3 d6 7. Qe2 Nbd7 8. f3 b5 9. cxb5 a6 10. Nh3 axb5 11. O-O Ba6 12. Rd1 Re8 13. Be3 Qb8 14. Nf2 h6 15. Qc2 Nb6 16. b3 Bc8 17. c4 bxc4 18. bxc4 c5 19. a4 Be6 20. Bf1 Ra6 21. a5 Nc8 22. Rdb1 1/2-1/2

[Event "4. Russian Cup Final"]
[Site "?"]
[Date "2000.08.22"]
[Round "4"]
[White "Balashov Yuri S"]
[Black "Volkov Sergey"]
[Result "0-1"]
[WhiteElo "2575"]
[BlackElo "2554"]
[PlyCount "96"]
[EventDate "2000.??.??"]
[Source "www.chesslib.no"]
[SourceDate "2004.05.04"]

1. c4 Nf6 2. Nc3 c6 3. e4 e5 4. Nf3 Qa5 5. g3 Bb4 6. Qc2 O-O 7. Bg2 d6 8. O-O Nbd7 9. d3 Bxc3 10. bxc3 a6 11. Nh4 b5 12. Nf5 Qc7 13. Qd2 Kh8 14. d4 bxc4 15. dxe5 dxe5 16. Qd6 Qxd6 17. Nxd6 a5 18. Ba3 Ba6 19. Rab1 g6 20. Rfe1 Kg7 21. Bf1 Rfb8 22. Rxb8 Rxb8 23. Nxc4 c5 24. f3 Kf8 25. Rd1 Bxc4 26. Bxc4 Ke7 27. Kf2 g5 28. Ke3 h6 29. h3 Rb6 30. f4 gxf4+ 31. gxf4 exf4+ 32. Kxf4 Nh5+ 33. Ke3 Rg6 34. Bb5 Nhf6 35. Kf4 Rg5 36. Bxd7 Nxd7 37. e5 Rh5 38. Rd5 Rh4+ 39. Kf5 Rc4 40. Rd3 Nf8 41. Bc1 Rh4 42. Rg3 Ne6 43. Be3 a4 44. Bc1 Kf8 45. Kf6 Nf4 46. Kf5 Ne2 47. Rg4 Rh5+ 48. Kf6 Rxh3 0-1

[Event "Capablanca mem Elite"]
[Site "Havana"]
[Date "1999.05.22"]
[Round "13"]
[White "Comas Fabrego, Luis"]
[Black "Baburin, Alexander"]
[Result "1/2-1/2"]
[WhiteElo "2541"]
[BlackElo "2586"]
[PlyCount "103"]
[EventDate "1999.05.??"]
[Source "ChessBase"]
[SourceDate "1999.08.01"]

1. c4 e5 2. Nc3 Nf6 3. a3 c5 4. g3 Nc6 5. Bg2 a6 6. d3 Rb8 7. Bg5 Be7 8. Bxf6 Bxf6 9. Nf3 b5 10. Nd2 O-O 11. O-O Nd4 12. Rb1 d6 13. e3 Ne6 14. b4 Bd7 15. Nd5 Re8 16. f4 exf4 17. gxf4 Nc7 18. Ne4 Nxd5 19. cxd5 c4 20. Nxd6 Rxe3 21. dxc4 bxc4 22. Nxc4 Rc3 23. Ne5 Rxa3 24. Kh1 Rc8 25. Nc6 Qb6 26. Qc2 Rc3 27. Qa2 Re8 28. Ra1 Bxc6 29. dxc6 Rxc6 30. Bxc6 Qxc6+ 31. Qg2 Qxg2+ 32. Kxg2 Bxa1 33. Rxa1 h6 34. Rxa6 Re4 35. Kg3 Rxb4 36. Ra8+ Kh7 37. Ra5 g6 38. Rc5 Kg7 39. Ra5 Kf6 40. Ra6+ Kf5 41. Ra5+ Ke4 42. Re5+ Kd4 43. Re7 f5 44. Re6 g5 45. Rxh6 Rb3+ 46. Kg2 g4 47. h3 gxh3+ 48. Rxh3 Rxh3 49. Kxh3 Ke4 50. Kg3 Ke3 51. Kg2 Kxf4 52. Kf2 1/2-1/2

[Event "Wall Street 5'"]
[Site "New York, NY USA"]
[Date "1993.??.??"]
[Round "1.1"]
[White "Dzindzichashvili, Roman"]
[Black "Shabalov, Alexander"]
[Result "0-1"]
[WhiteElo "2550"]
[BlackElo "2575"]
[PlyCount "73"]
[EventDate "1993.??.??"]
[Source "www.chesslib.no"]
[SourceDate "2004.05.04"]

1. c4 Nf6 2. Nc3 e5 3. g3 Bb4 4. Bg2 Bxc3 5. bxc3 O-O 6. d3 h6 7. Nf3 Re8 8. O-O e4 9. Nd2 exd3 10. exd3 d5 11. cxd5 Nxd5 12. Ne4 Nc6 13. Bb2 Nb6 14. Qc2 Ne5 15. Rad1 Bg4 16. f3 Be6 17. c4 Bd7 18. f4 Ng4 19. Rde1 f5 20. Qc3 Re7 21. Nc5 Nf6 22. Nxb7 Qf8 23. Rxe7 Qxe7 24. Re1 Qf8 25. Ba3 Qf7 26. Nc5 Rd8 27. Nxd7 Rxd7 28. Bc5 Na4 29. Qa3 Nxc5 30. Qxc5 Rxd3 31. Qxa7 Qxc4 32. Kh1 Qc3 33. Rf1 Rd2 34. a4 Ng4 35. Bd5+ Kh7 36. Qa8 Rxh2+ 37. Kg1 0-1

[Event "Lloyds Bank Open"]
[Site "London ENG"]
[Date "1994.??.??"]
[Round "5"]
[White "Psakhis, Lev B"]
[Black "Adianto, Utut"]
[Result "1/2-1/2"]
[WhiteElo "2585"]
[BlackElo "2535"]
[PlyCount "76"]
[EventDate "1994.08.??"]
[Source "www.chesslib.no"]
[SourceDate "2004.05.04"]

1. c4 e5 2. Nc3 Bb4 3. g3 Nf6 4. Nf3 Bxc3 5. bxc3 e4 6. Nd4 O-O 7. Bg2 Re8 8. O-O d6 9. d3 Nbd7 10. Qc2 Nc5 11. Bg5 h6 12. Bxf6 Qxf6 13. Rab1 exd3 14. exd3 Qg6 15. Rfd1 Bg4 16. Rd2 Re7 17. h3 Bd7 18. Nb3 Rae8 19. Nxc5 dxc5 20. Rxb7 Bc6 21. Rb1 Bxg2 22. Kxg2 Qc6+ 23. f3 Re3 24. Rf1 h5 25. h4 R8e6 26. d4 Rg6 27. dxc5 Qf6 28. Kh2 Qe5 29. Rg2 Qxc5 30. Rd1 Qe7 31. Qf5 Rf6 32. Qc8+ Kh7 33. Rd7 Qe6 34. Rxc7 Qxc8 35. Rxc8 Rfxf3 36. Rc7 Rxc3 37. Rxa7 Rxc4 38. Rb7 Rcc3 1/2-1/2

[Event "Moscow2"]
[Site "Moscow"]
[Date "1995.??.??"]
[Round "?"]
[White "Serper, Grigory"]
[Black "Tseshkovsky, Vitaly"]
[Result "1/2-1/2"]
[WhiteElo "2585"]
[BlackElo "2530"]
[PlyCount "47"]
[EventDate "1995.04.??"]
[Source "ChessBase"]

1. c4 d6 2. Nc3 e5 3. g3 Nf6 4. Bg2 Be7 5. e3 O-O 6. Nge2 Re8 7. d4 c6 8. O-O Na6 9. h3 Nc7 10. e4 b5 11. cxb5 cxb5 12. a3 a5 13. d5 b4 14. Na4 Na6 15. Be3 Nd7 16. Re1 Bb7 17. Nc1 Nac5 18. Nd3 Nxd3 19. Qxd3 Ba6 20. Qd2 Rb8 21. Rec1 g6 22. Qc2 Bg5 23. Bxg5 Qxg5 24. h4 1/2-1/2

[Event "New York (open)"]
[Site "?"]
[Date "1990.??.??"]
[Round "?"]
[White "Ubilava, E."]
[Black "Sokolov, A."]
[Result "0-1"]
[WhiteElo "2515"]
[BlackElo "2585"]
[PlyCount "86"]
[EventDate "1990.??.??"]
[Source "ChessBase"]
[SourceDate "1990.01.01"]

1. c4 Nf6 2. Nc3 e5 3. g3 d5 4. cxd5 Nxd5 5. Bg2 Nb6 6. d3 Be7 7. a3 O-O 8. b4 c5 9. bxc5 Bxc5 10. Bb2 Re8 11. Nf3 Nc6 12. O-O Bf8 13. a4 Be6 14. a5 Nd7 15. a6 bxa6 16. Rxa6 Rb8 17. Rxc6 Rxb2 18. Qc1 Rb6 19. Ng5 Bb3 20. Rxb6 Qxb6 21. Qa1 h6 22. Nge4 Bb4 23. Rb1 Be6 24. Nd2 Qd4 25. Rc1 Rc8 26. Nf3 Qb6 27. Nd2 Qd4 28. Nf3 Qb6 29. Nd2 Rxc3 30. Rxc3 Bxc3 31. Qxc3 a5 32. h4 a4 33. Bc6 Nc5 34. Bf3 Nb3 35. Nc4 Qc5 36. e3 Na5 37. Qa3 Qb5 38. Bd1 Nxc4 39. dxc4 Qb1 40. Qxa4 Bg4 41. Qe8+ Kh7 42. Qxf7 Qxd1+ 43. Kg2 e4 0-1

[Event "Munich"]
[Site "Munich"]
[Date "1990.??.??"]
[Round "?"]
[White "Bischoff, Klaus"]
[Black "Huebner, Robert"]
[Result "1/2-1/2"]
[WhiteElo "2505"]
[BlackElo "2595"]
[PlyCount "24"]
[EventDate "1990.04.??"]
[Source "ChessBase"]

1. c4 e5 2. Nc3 Nf6 3. e3 Bb4 4. Nge2 O-O 5. a3 Be7 6. Ng3 Re8 7. Be2 c6 8. O-O d5 9. d4 exd4 10. exd4 Na6 11. c5 Nc7 12. f4 b6 1/2-1/2

[Event "Las Vegas USA"]
[Site "?"]
[Date "2006.06.12"]
[Round "5"]
[White "Kritz Leonid"]
[Black "Fontaine Robert"]
[Result "0-1"]
[WhiteElo "2578"]
[BlackElo "2521"]
[PlyCount "68"]
[EventDate "2006.??.??"]
[Source "www.chesslib.no"]
[SourceDate "2004.05.04"]

1. c4 Nf6 2. Nc3 e5 3. e3 Bb4 4. Qb3 Nc6 5. Nge2 O-O 6. a3 Bxc3 7. Nxc3 Re8 8. d3 b6 9. Be2 Bb7 10. O-O d5 11. cxd5 Na5 12. Qc2 Nxd5 13. b4 Nxc3 14. Qxc3 Nc6 15. Rd1 Re6 16. Bf1 Qh4 17. b5 Ne7 18. Qxc7 Bf3 19. Re1 Rc8 20. Qd7 h6 21. e4 Rg6 22. g3 Rc2 23. Bh3 Qh5 24. Re3 Rf6 25. Re1 Rd6 26. Qe8+ Kh7 27. Bf1 Rg6 28. h3 Rxg3+ 29. fxg3 Qg6 30. g4 Bxg4 31. Qxe7 Bxh3+ 32. Bg5 Qh5 33. Rac1 Qg4+ 34. Kh1 Qf3+ 0-1

[Event "Amplico AIG Life Gp2"]
[Site "Warsaw"]
[Date "2004.12.19"]
[Round "1"]
[White "Jakubiec, Artur"]
[Black "Jaracz, Pawel"]
[Result "1/2-1/2"]
[WhiteElo "2565"]
[BlackElo "2531"]
[PlyCount "56"]
[EventDate "2004.12.19"]
[Source "Roberto Alvarez"]
[SourceDate "2004.12.13"]

1. c4 Nf6 2. Nc3 e5 3. g3 Bb4 4. Bg2 O-O 5. e4 d6 6. Nge2 a6 7. O-O Bc5 8. h3 Nc6 9. d3 Nd4 10. Kh2 c6 11. f4 Nxe2 12. Qxe2 b5 13. f5 b4 14. Nd1 d5 15. g4 dxc4 16. dxc4 h6 17. g5 hxg5 18. Bxg5 Be7 19. Be3 c5 20. Nf2 Kh7 21. Rad1 Qc7 22. Rg1 Rh8 23. Rd2 Bb7 24. Bf3 Kg8 25. Rg3 Rd8 26. Rxd8+ Qxd8 27. Qf1 Rh7 28. Qg2 a5 1/2-1/2